Sharavathy Valley hydro-electric project; (Record no. 87754)

MARC details
000 -LEADER
fixed length control field 00803cam a2200229 4500
001 - CONTROL NUMBER
control field sa 68017497
003 - CONTROL NUMBER IDENTIFIER
control field DLC
005 - DATE AND TIME OF LATEST TRANSACTION
control field 20260227112703.0
008 - FIXED-LENGTH DATA ELEMENTS--GENERAL INFORMATION
fixed length control field 710520s1965 ii abc 00000 eng
010 ## - LIBRARY OF CONGRESS CONTROL NUMBER
LC control number sa 68017497 //r85
025 ## - OVERSEAS ACQUISITION NUMBER
Overseas acquisition number PL480:I-E-9985
043 ## - GEOGRAPHIC AREA CODE
Geographic area code a-ii---
050 0# - LIBRARY OF CONGRESS CALL NUMBER
Classification number TK1504.M9
Item number A4
082 ## - DEWEY DECIMAL CLASSIFICATION NUMBER
Classification number 621.312/134/095487
110 10 - MAIN ENTRY--CORPORATE NAME
Corporate name or jurisdiction name as entry element Mysore (India : State)
245 10 - TITLE STATEMENT
Title Sharavathy Valley hydro-electric project;
Remainder of title commissioning of the Sharavathy Power Station
Statement of responsibility, etc. by Shri Lal Bahadur Shastri, Prime Minister of India, on 24th January, 1965.
260 0# - PUBLICATION, DISTRIBUTION, ETC.
Place of publication, distribution, etc. [Bangalore,
Name of publisher, distributor, etc. Govt. Press,
Date of publication, distribution, etc. 1965?]
300 ## - PHYSICAL DESCRIPTION
Extent 95 p.
Other physical details illus., maps (part col.), ports.
Dimensions 17 x 25 cm.
350 ## - PRICE (NR) (BK AM CF MU VM SE) [OBSOLETE]
Price 5.00
650 #0 - SUBJECT ADDED ENTRY--TOPICAL TERM
Topical term or geographic name entry element Hydroelectric power plants
Geographic subdivision India
-- Mysore.
700 10 - ADDED ENTRY--PERSONAL NAME
Personal name Shastri, Lal Bahadur,
Dates associated with a name 1904-1966.

No items available.

Powered by Koha